000 00224nam a22001097a 4500
082 _a622.23CHU
100 _aChugh
245 _aManual of Drilling Technology
260 _aNew Delhi
_c1985
300 _a567
942 _cBK
999 _c14186
_d14186